[Event "BL2-Sued 2223"]
[Site "Germany"]
[Date "2023.03.18"]
[Round "9.2"]
[White "Wilhelm, Till"]
[Black "Noe, Christopher"]
[Result "1/2-1/2"]
[WhiteElo "2348"]
[BlackElo "2503"]
[PlyCount "54"]
[EventDate "2022.10.22"]
[EventType "team-tourn"]
[EventRounds "9"]
[EventCountry "GER"]
[SourceTitle "EXT 2024"]
[Source "ChessBase"]
[SourceDate "2023.10.10"]
[SourceVersion "1"]
[SourceVersionDate "2023.10.10"]
[SourceQuality "1"]
[WhiteTeam "Heidesheim"]
[BlackTeam "Eppingen"]
[WhiteTeamCountry "GER"]
[BlackTeamCountry "GER"]

1. d4 Nf6 2. c4 e6 3. Nf3 d5 4. g3 dxc4 5. Bg2 Bd7 6. Ne5 Bc6 7. Nxc6 Nxc6 8. 0-0 Qd7 9. e3 0-0-0 10. Nc3 Nd5 11. Bd2 h5 12. b3 cxb3 13. Nxd5 exd5 14. Qxb3 h4 15. Rab1 b6 16. Rfc1 hxg3 17. hxg3 f5 18. Rc2 Rh6 19. Rbc1 Kb8 20. a4 a5 21. Qb5 Bb4 22. Bxb4 Nxb4 23. Rxc7 Qxb5 24. axb5 Na2 25. R1c2 Nb4 26. Rc1 Na2 27. R1c2 Nb4 1/2-1/2

[Event "BL2-Sued 2223"]
[Site "Germany"]
[Date "2023.02.25"]
[Round "7.3"]
[White "Wilhelm, Till"]
[Black "Kantans, Toms"]
[Result "1-0"]
[WhiteElo "2348"]
[BlackElo "2514"]
[PlyCount "101"]
[EventDate "2022.10.22"]
[EventType "team-tourn"]
[EventRounds "9"]
[EventCountry "GER"]
[SourceTitle "EXT 2024"]
[Source "ChessBase"]
[SourceDate "2023.10.10"]
[SourceVersion "1"]
[SourceVersionDate "2023.10.10"]
[SourceQuality "1"]
[WhiteTeam "Heidesheim"]
[BlackTeam "Speyer Schwegenheim"]
[WhiteTeamCountry "GER"]
[BlackTeamCountry "GER"]

1. d4 Nf6 2. c4 g6 3. g3 c5 4. dxc5 Na6 5. Bg2 Bg7 6. Nf3 Nxc5 7. Nc3 0-0 8. 0-0 d6 9. Nd4 a5 10. b3 Bd7 11. Ba3 Qb6 12. Rc1 Rfd8 13. Qd2 e6 14. Rfd1 Rac8 15. h3 Ne8 16. Ndb5 Bc6 17. Qe3 Bf8 18. Bxc5 dxc5 19. Na4 Qa6 20. Rxd8 Rxd8 21. Nxc5 Qb6 22. Ne4 Qxe3 23. fxe3 Bh6 24. Kf2 f5 25. Nc5 Bxg2 26. Kxg2 Rd2 27. Kf3 b6 28. Na4 Rxa2 29. Nxb6 Rb2 30. Rc3 Bg7 31. Rd3 e5 32. Rd8 Kf7 33. Rd7+ Ke6 34. Rb7 Bf8 35. Rb8 Kf7 36. Nd7 Bg7 37. Rb7 e4+ 38. Kf2 g5 39. Nc5+ Kg6 40. Re7 Nf6 41. Ne6 Bh6 42. Nbd4 Nh5 43. c5 Rb1 44. c6 Rc1 45. c7 Nf6 46. Nb5 g4 47. Nf4+ Bxf4 48. gxf4 Nd5 49. Rd7 Nxe3 50. Rd8 gxh3 51. c8Q 1-0

[Event "Staufer op 33rd"]
[Site "Schwaebisch Gmuend"]
[Date "2023.01.05"]
[Round "7"]
[White "Wilhelm, Till"]
[Black "Jurek, Josef"]
[Result "1/2-1/2"]
[WhiteElo "2356"]
[BlackElo "2230"]
[PlyCount "62"]
[EventDate "2023.01.02"]
[EventType "swiss"]
[EventRounds "9"]
[EventCountry "GER"]
[SourceTitle "CBM 212 Extra"]
[Source "ChessBase"]
[SourceDate "2023.03.31"]
[SourceVersion "1"]
[SourceVersionDate "2023.03.31"]
[SourceQuality "1"]

1. d4 e6 2. c4 Nf6 3. Nf3 b6 4. g3 Bb7 5. Bg2 Be7 6. 0-0 0-0 7. Re1 Na6 8. a3 d5 9. cxd5 exd5 10. Nc3 Ne4 11. Ne5 c5 12. Nxe4 dxe4 13. dxc5 Nxc5 14. b4 Bf6 15. bxc5 Bxe5 16. Rb1 Bd4 17. cxb6 Bxb6 18. Be3 Bxe3 19. Rxb7 Bd2 20. Rf1 e3 21. f4 a5 22. Qa4 Rc8 23. Be4 Rc7 24. Rfb1 Qe7 25. Kg2 Bb4 26. Qc6 Rxb7 27. Qxb7 Qxb7 28. Bxb7 Bxa3 29. Rb3 Bc1 30. Bd5 g6 31. Rb7 Kg7 1/2-1/2

[Event "Staufer op 33rd"]
[Site "Schwaebisch Gmuend"]
[Date "2023.01.02"]
[Round "1"]
[White "Wilhelm, Till"]
[Black "Ohler, Julius"]
[Result "1-0"]
[WhiteElo "2356"]
[BlackElo "2133"]
[PlyCount "101"]
[EventDate "2023.01.02"]
[EventType "swiss"]
[EventRounds "9"]
[EventCountry "GER"]
[SourceTitle "CBM 212 Extra"]
[Source "ChessBase"]
[SourceDate "2023.03.31"]
[SourceVersion "1"]
[SourceVersionDate "2023.03.31"]
[SourceQuality "1"]

1. d4 Nf6 2. c4 e6 3. Nf3 d5 4. g3 dxc4 5. Bg2 Nc6 6. Qa4 Bb4+ 7. Bd2 Nd5 8. Qc2 b5 9. b3 Bxd2+ 10. Nbxd2 c3 11. Ne4 Rb8 12. Nxc3 Ndb4 13. Qd2 Nxd4 14. Nxd4 Qxd4 15. Qxd4 Nc2+ 16. Kf1 Nxd4 17. Rd1 c5 18. Ne4 e5 19. Nxc5 Ke7 20. e3 Ne6 21. Nd3 f6 22. f4 Rd8 23. Kf2 exf4 24. exf4 Bb7 25. Bxb7 Rxb7 26. Rhe1 Rbd7 27. f5 Rxd3 28. Rxe6+ Kf7 29. Rxd3 Rxd3 30. Ra6 Rd7 31. Ke3 h5 32. Ra5 Rb7 33. b4 g6 34. Kf4 Kg7 35. h4 Kh6 36. fxg6 Kxg6 37. g4 hxg4 38. Kxg4 f5+ 39. Kf4 Kh5 40. Kxf5 Kxh4 41. Ke5 Kg5 42. Kd5 Kf4 43. Kc6 Rh7 44. Rxb5 Ke4 45. Rb7 Rh6+ 46. Kb5 a6+ 47. Ka5 Kd4 48. Rb6 Rh2 49. a4 Ra2 50. Rxa6 Kc4 51. Rh6 1-0

[Event "BL2-Sued 2223"]
[Site "Germany"]
[Date "2022.11.27"]
[Round "4.3"]
[White "Halkias, Stelios"]
[Black "Wilhelm, Till"]
[Result "1/2-1/2"]
[WhiteElo "2506"]
[BlackElo "2348"]
[PlyCount "96"]
[EventDate "2022.10.22"]
[EventType "team-tourn"]
[EventRounds "9"]
[EventCountry "GER"]
[SourceTitle "EXT 2024"]
[Source "ChessBase"]
[SourceDate "2023.10.10"]
[SourceVersion "1"]
[SourceVersionDate "2023.10.10"]
[SourceQuality "1"]
[WhiteTeam "Baden-Baden II"]
[BlackTeam "Heidesheim"]
[WhiteTeamCountry "GER"]
[BlackTeamCountry "GER"]

1. c4 e6 2. Nf3 d5 3. e3 Nf6 4. Nc3 Bd6 5. d4 b6 6. cxd5 exd5 7. Bd3 0-0 8. 0-0 Bb7 9. b3 a6 10. Ne5 c5 11. Bb2 b5 12. Ne2 c4 13. Bf5 Qe7 14. Ng3 g6 15. Bc2 Nbd7 16. f4 Rac8 17. Qe1 cxb3 18. Bxb3 Nb6 19. Rb1 Nc4 20. Bc3 b4 21. Ba1 a5 22. e4 Na3 23. Rc1 Ba6 24. Rf2 Rxc1 25. Qxc1 Rc8 26. Qd1 Bc4 27. exd5 Bxd5 28. f5 Bxb3 29. axb3 g5 30. Bb2 Nb5 31. Nh5 Nc3 32. Nxf6+ Qxf6 33. Qh5 Bxe5 34. dxe5 Qxe5 35. Qxg5+ Kh8 36. Qd2 Re8 37. Rf1 Qe3+ 38. Qxe3 Rxe3 39. Rc1 Kg7 40. Bxc3+ Rxc3 41. Ra1 Rc5 42. g4 h5 43. h3 h4 44. Kf2 Kf6 45. Re1 Kg5 46. Re7 Kf6 47. Re3 Kg5 48. Re7 Kf6 1/2-1/2

[Event "Karlsruhe Grenke op"]
[Site "Karlsruhe"]
[Date "2019.04.19"]
[Round "3"]
[White "Wilhelm, Till"]
[Black "Warmerdam, Max"]
[Result "1/2-1/2"]
[WhiteElo "2234"]
[BlackElo "2472"]
[PlyCount "25"]
[EventDate "2019.04.18"]
[EventType "swiss"]
[EventRounds "9"]
[EventCountry "GER"]
[SourceTitle "CBM 189 Extra"]
[Source "ChessBase"]
[SourceDate "2019.05.31"]
[SourceVersion "1"]
[SourceVersionDate "2019.05.31"]
[SourceQuality "1"]

1. Nf3 b5 2. g3 Nf6 3. Bg2 d5 4. 0-0 Bf5 5. c4 e6 6. cxd5 b4 7. d3 exd5 8. Qb3 Bc5 9. Nc3 Bb6 10. Na4 0-0 11. Nxb6 axb6 12. Qc2 Qc8 13. Bg5 1/2-1/2

[Event "Rheinland Pfalz op 8th"]
[Site "Reil an der Mosel"]
[Date "2016.05.29"]
[Round "7"]
[White "Prizker, Boris"]
[Black "Wilhelm, Till"]
[Result "1-0"]
[WhiteElo "2270"]
[BlackElo "2246"]
[PlyCount "90"]
[EventDate "2016.05.26"]
[EventType "swiss"]
[EventRounds "7"]
[EventCountry "GER"]
[SourceTitle "EXT 2018"]
[Source "ChessBase"]
[SourceDate "2017.10.13"]
[SourceVersion "1"]
[SourceVersionDate "2017.10.13"]
[SourceQuality "1"]

1. e4 e5 2. Nf3 Nc6 3. Bb5 a6 4. Ba4 Nf6 5. 0-0 Be7 6. Re1 b5 7. Bb3 d6 8. a4 Bd7 9. Nc3 Na5 10. Ba2 c5 11. d3 b4 12. Nd5 Nxd5 13. Bxd5 Bc6 14. Bxc6+ Nxc6 15. c3 Bf6 16. Bd2 Rb8 17. h3 h6 18. Re2 0-0 19. Nh2 Bg5 20. Be1 f5 21. exf5 Rxf5 22. d4 bxc3 23. bxc3 exd4 24. Qd3 Re5 25. Qxa6 Rb6 26. Qd3 d5 27. Rxe5 Nxe5 28. Qf5 Qe8 29. cxd4 Nf7 30. dxc5 Re6 31. Nf3 Bf6 32. Rb1 Ne5 33. Bd2 g6 34. Qf4 Nd3 35. Qxh6 Nxc5 36. Bf4 Bg7 37. Qg5 Qxa4 38. Be3 Nd7 39. Qxd5 Qe4 40. Qa2 Bf6 41. Rd1 Nf8 42. Nd4 Bxd4 43. Rxd4 Qc6 44. Rd8 Kf7 45. Qa7+ Re7 1-0

[Event "Oberliga Sued W 1516"]
[Site "Germany"]
[Date "2016.02.21"]
[Round "7.3"]
[White "Fritsche, Lutz"]
[Black "Wilhelm, Till"]
[Result "1/2-1/2"]
[WhiteElo "2304"]
[BlackElo "2156"]
[PlyCount "79"]
[EventDate "2015.09.20"]
[EventType "team-tourn"]
[EventRounds "9"]
[EventCountry "GER"]
[SourceTitle "EXT 2017"]
[Source "ChessBase"]
[SourceDate "2016.10.25"]
[SourceVersion "1"]
[SourceVersionDate "2016.10.25"]
[SourceQuality "1"]
[WhiteTeam "Koblenz"]
[BlackTeam "Heidesheim"]
[WhiteTeamCountry "GER"]
[BlackTeamCountry "GER"]

1. e4 e5 2. Nf3 Nc6 3. d4 exd4 4. Nxd4 Nf6 5. Nc3 Bb4 6. Nxc6 bxc6 7. Bd3 d5 8. exd5 cxd5 9. 0-0 0-0 10. Bg5 c6 11. Ne2 h6 12. Bh4 Bg4 13. h3 Bh5 14. c4 g5 15. Qa4 Bxe2 16. Bxe2 Qb6 17. Bg3 Ne4 18. Bc7 Qxc7 19. Qxb4 Rab8 20. Qa3 Qb6 21. cxd5 Qxb2 22. Qd3 cxd5 23. Bf3 Nd2 24. Rfd1 Nxf3+ 25. Qxf3 Rfd8 26. Rac1 Rb6 27. Rc3 Kg7 28. Qe3 Rf6 29. Qd4 Re8 30. Rd2 Re1+ 31. Kh2 Qb8+ 32. g3 Qb1 33. Qxd5 Rf1 34. Qg2 Re6 35. Re3 Rxe3 36. fxe3 Qe1 37. e4 Rh1+ 38. Qxh1 Qxd2+ 39. Qg2 Qe1 40. Qc2 1/2-1/2

[Event "GER-chT Lands U20"]
[Site "Hannover"]
[Date "2015.10.05"]
[Round "4.3"]
[White "Kololli, Martin"]
[Black "Wilhelm, Till"]
[Result "0-1"]
[WhiteElo "2187"]
[BlackElo "2170"]
[PlyCount "64"]
[EventDate "2015.10.03"]
[EventType "team-swiss"]
[EventRounds "7"]
[EventCountry "GER"]
[SourceTitle "CBM 168 Extra"]
[Source "ChessBase"]
[SourceDate "2015.10.29"]
[SourceVersion "1"]
[SourceVersionDate "2015.10.29"]
[SourceQuality "1"]
[WhiteTeam "Schleswig Holstein (U20)"]
[BlackTeam "Rheinland Pfalz (U20)"]
[WhiteTeamCountry "GER"]
[BlackTeamCountry "GER"]

1. e4 e5 2. Nf3 Nc6 3. Bb5 a6 4. Ba4 Nf6 5. 0-0 Be7 6. Re1 b5 7. Bb3 d6 8. c3 0-0 9. d4 Bg4 10. Be3 Re8 11. h3 Bd7 12. Nbd2 Bf8 13. a4 h6 14. Bc2 Qb8 15. Qc1 Qb7 16. dxe5 Nxe5 17. Nxe5 dxe5 18. Nb3 a5 19. Nc5 Bxc5 20. Bxc5 bxa4 21. Ba3 Qc8 22. Qd1 Ra6 23. Qe2 Nh7 24. h4 g5 25. Bd3 Rf6 26. hxg5 Nxg5 27. Kh2 Bg4 28. Qd2 Bf3 29. Re3 Qg4 30. gxf3 Qh3+ 31. Kg1 Rg6 32. f4 Nf3# 0-1

[Event "GER-chT Lands U20"]
[Site "Hannover"]
[Date "2015.10.05"]
[Round "5.3"]
[White "Wilhelm, Till"]
[Black "Hess, Max"]
[Result "0-1"]
[WhiteElo "2170"]
[BlackElo "2221"]
[PlyCount "118"]
[EventDate "2015.10.03"]
[EventType "team-swiss"]
[EventRounds "7"]
[EventCountry "GER"]
[SourceTitle "CBM 168 Extra"]
[Source "ChessBase"]
[SourceDate "2015.10.29"]
[SourceVersion "1"]
[SourceVersionDate "2015.10.29"]
[SourceQuality "1"]
[WhiteTeam "Rheinland Pfalz (U20)"]
[BlackTeam "Bayern (U20)"]
[WhiteTeamCountry "GER"]
[BlackTeamCountry "GER"]

1. d4 Nf6 2. Nf3 g6 3. Bg5 Bg7 4. Nbd2 d5 5. e3 0-0 6. Be2 c6 7. 0-0 Bg4 8. h3 Bxf3 9. Nxf3 Nbd7 10. c4 e6 11. Qc2 Re8 12. Rfd1 Rc8 13. Rac1 a6 14. a4 h6 15. Bh4 g5 16. Bg3 Ne4 17. Bh2 f5 18. Nd2 Nxd2 19. Rxd2 Rf8 20. Bd6 Rf6 21. Qb3 Qb6 22. Qxb6 Nxb6 23. c5 Nd7 24. b4 Bf8 25. Bxf8 Rfxf8 26. b5 axb5 27. axb5 Ra8 28. Rb1 Ra7 29. bxc6 bxc6 30. Rdb2 e5 31. Rb7 Rfa8 32. Bd3 e4 33. Bc2 Kf8 34. Ba4 Rxb7 35. Rxb7 Nxc5 36. dxc5 Rxa4 37. Rb6 Ra1+ 38. Kh2 Ra2 39. Kg1 Ra1+ 40. Kh2 Ra2 41. Kg1 Ra1+ 42. Kh2 Rf1 43. Rxc6 Rxf2 44. Rd6 f4 45. c6 Ke7 46. Rxd5 f3 47. Re5+ Kd6 48. Rxe4 Rxg2+ 49. Kh1 Re2 50. Kg1 Rg2+ 51. Kf1 Rg3 52. Rc4 Kc7 53. h4 g4 54. Rf4 Kxc6 55. Rf6+ Kd5 56. Rxh6 Rh3 57. Kf2 Rh2+ 58. Kg1 g3 59. Rf6 f2+ 0-1

[Event "GER-chT Lands U20"]
[Site "Hannover"]
[Date "2015.10.04"]
[Round "2.3"]
[White "Wilhelm, Till"]
[Black "Mundorf, Johannes"]
[Result "1/2-1/2"]
[WhiteElo "2170"]
[BlackElo "2202"]
[PlyCount "82"]
[EventDate "2015.10.03"]
[EventType "team-swiss"]
[EventRounds "7"]
[EventCountry "GER"]
[SourceTitle "CBM 168 Extra"]
[Source "ChessBase"]
[SourceDate "2015.10.29"]
[SourceVersion "1"]
[SourceVersionDate "2015.10.29"]
[SourceQuality "1"]
[WhiteTeam "Rheinland Pfalz (U20)"]
[BlackTeam "Nordrhein Westfalen (U20)"]
[WhiteTeamCountry "GER"]
[BlackTeamCountry "GER"]

1. d4 e6 2. Nf3 d5 3. Bg5 Be7 4. Bxe7 Qxe7 5. Nbd2 Nf6 6. e3 Nbd7 7. Be2 e5 8. dxe5 Nxe5 9. 0-0 0-0 10. c4 Nxc4 11. Nxc4 dxc4 12. Qa4 c6 13. Qxc4 Be6 14. Qc2 Rfd8 15. Nd4 Bd5 16. Rfd1 Rd7 17. Bf3 Rad8 18. h3 g6 19. Bxd5 Rxd5 20. Nf3 Qd6 21. Rxd5 Qxd5 22. Qa4 a6 23. Re1 Ne4 24. Qd4 c5 25. Qxd5 Rxd5 26. Rc1 Kf8 27. Kf1 Nd2+ 28. Ke2 Nxf3 29. Kxf3 Rd2 30. Rxc5 Rxb2 31. a4 Ke7 32. Rc7+ Ke6 33. a5 h5 34. h4 Rb5 35. e4 Rb2 36. Kg3 Rb5 37. f3 Rb2 38. Kf4 Rb5 39. Kg3 Rb2 40. Kf4 Rb5 41. Kg3 Ke5 1/2-1/2

[Event "Dresden ZMD op"]
[Site "Dresden"]
[Date "2015.08.15"]
[Round "1"]
[White "Vorobiov, Evgeny E"]
[Black "Wilhelm, Till"]
[Result "1-0"]
[WhiteElo "2575"]
[BlackElo "2156"]
[PlyCount "87"]
[EventDate "2015.08.15"]
[EventType "swiss"]
[EventRounds "9"]
[EventCountry "GER"]
[SourceTitle "EXT 2016"]
[Source "ChessBase"]
[SourceDate "2015.10.08"]
[SourceVersion "1"]
[SourceVersionDate "2015.10.08"]
[SourceQuality "1"]

1. Nf3 Nf6 2. c4 g6 3. Nc3 Bg7 4. e4 d6 5. d4 0-0 6. Be2 e5 7. 0-0 Nc6 8. d5 Ne7 9. a4 Nd7 10. a5 f5 11. Ng5 Nf6 12. Bf3 h6 13. Ne6 Bxe6 14. dxe6 c6 15. Ra3 Qc7 16. b4 Rfd8 17. b5 fxe4 18. Nxe4 Nxe4 19. Bxe4 d5 20. cxd5 cxd5 21. Bb1 Qc8 22. Qg4 Rd6 23. Rg3 Qxe6 24. Ba3 Qxg4 25. Rxg4 Re6 26. Bxe7 Rxe7 27. Rxg6 d4 28. Be4 Rc8 29. g3 Rc5 30. Rb1 Rd7 31. a6 b6 32. Rc6 Rc7 33. Rb3 Bf8 34. Kg2 R7xc6 35. bxc6 Bd6 36. g4 Ra5 37. Rh3 Rxa6 38. Rxh6 Bb8 39. Rh7 Ra4 40. Rb7 Bd6 41. Rd7 d3 42. Rxd6 Rxe4 43. c7 Rc4 44. Rd8+ 1-0

[Event "Dresden ZMD op 23rd"]
[Site "Dresden"]
[Date "2014.08.18"]
[Round "4"]
[White "Budzyn, Matthias"]
[Black "Wilhelm, Till"]
[Result "1-0"]
[WhiteElo "2145"]
[BlackElo "2013"]
[PlyCount "79"]
[EventDate "2014.08.15"]
[EventType "swiss"]
[EventRounds "9"]
[EventCountry "GER"]
[SourceTitle "CBM 161 Extra"]
[Source "ChessBase"]
[SourceDate "2014.08.29"]
[SourceVersion "1"]
[SourceVersionDate "2014.08.29"]
[SourceQuality "1"]

1. e4 e5 2. f4 Nc6 3. Nc3 Bb4 4. Nf3 d6 5. Nd5 Bc5 6. c3 Bg4 7. h3 Bxf3 8. Qxf3 Qd7 9. b4 Bb6 10. a4 a6 11. Nxb6 cxb6 12. d3 Qc7 13. Bd2 Nge7 14. Be2 exf4 15. Qxf4 0-0 16. 0-0 Ng6 17. Qg3 Qd8 18. d4 Qe7 19. Bd3 Nb8 20. Rae1 Nd7 21. Bc4 Kh8 22. Bd5 Rab8 23. Rf5 b5 24. a5 b6 25. Bg5 f6 26. Bd2 Rfe8 27. Rh5 Ndf8 28. axb6 Rxb6 29. Qg4 h6 30. Rf1 Kh7 31. Qd1 Ne6 32. Qc1 Qf8 33. Bxh6 gxh6 34. Rxf6 Qxf6 35. Qxh6+ Kg8 36. Qh7+ Kf8 37. Rf5 Qxf5 38. exf5 Ngf4 39. fxe6 Nxe6 40. Qf5+ 1-0

[Event "Dresden ZMD op 23rd"]
[Site "Dresden"]
[Date "2014.08.17"]
[Round "3"]
[White "Wilhelm, Till"]
[Black "Knaak, Joachim"]
[Result "0-1"]
[WhiteElo "2013"]
[BlackElo "2150"]
[PlyCount "84"]
[EventDate "2014.08.15"]
[EventType "swiss"]
[EventRounds "9"]
[EventCountry "GER"]
[SourceTitle "CBM 161 Extra"]
[Source "ChessBase"]
[SourceDate "2014.08.29"]
[SourceVersion "1"]
[SourceVersionDate "2014.08.29"]
[SourceQuality "1"]

1. d4 d5 2. Bf4 c6 3. e3 e6 4. Bd3 Bd6 5. Bg3 Qc7 6. f4 f5 7. Bh4 Nd7 8. Nf3 Ngf6 9. 0-0 0-0 10. Nbd2 c5 11. c3 c4 12. Bc2 b5 13. a3 a5 14. Ne5 Rb8 15. Ndf3 Qb6 16. Ng5 Be7 17. h3 Ne4 18. Bxe4 dxe4 19. Nxh7 Bxh4 20. Nxf8 Nxe5 21. fxe5 Kxf8 22. Qh5 Be7 23. Qh8+ Kf7 24. Qh5+ Kg8 25. Qe8+ Bf8 26. Rf4 Qc7 27. h4 Qf7 28. Qxf7+ Kxf7 29. g4 Be7 30. gxf5 exf5 31. Re1 Be6 32. Kg2 Rh8 33. Rd1 Rd8 34. Re1 g6 35. Kg3 Rh8 36. Re2 Rh7 37. Rh2 g5 38. Rff2 gxh4+ 39. Kg2 Rg7+ 40. Kf1 Rg3 41. Re2 Bg5 42. Ke1 Bxe3 0-1

[Event "Rheinland Pfalz op 6th"]
[Site "Gau Algesheim"]
[Date "2014.06.20"]
[Round "3"]
[White "Wilhelm, Till"]
[Black "Michalski, Uwe"]
[Result "1-0"]
[WhiteElo "1994"]
[BlackElo "1784"]
[PlyCount "123"]
[EventDate "2014.06.19"]
[EventType "swiss"]
[EventRounds "7"]
[EventCountry "GER"]
[SourceTitle "CBM 161 Extra"]
[Source "ChessBase"]
[SourceDate "2014.08.29"]
[SourceVersion "1"]
[SourceVersionDate "2014.08.29"]
[SourceQuality "1"]

1. d4 f5 2. c4 Nf6 3. Nc3 b6 4. Bg5 Bb7 5. Bxf6 exf6 6. e3 Bb4 7. Nf3 Bxc3+ 8. bxc3 0-0 9. Bd3 Be4 10. Qc2 Re8 11. 0-0 d6 12. Bxe4 fxe4 13. Nd2 f5 14. f3 Qg5 15. Rae1 exf3 16. Rxf3 g6 17. Rg3 Qh5 18. Rf1 Kh8 19. e4 Nd7 20. exf5 gxf5 21. Rh3 Qg4 22. Rxf5 Re1+ 23. Rf1 Rxf1+ 24. Nxf1 Nf6 25. Ne3 Qe4 26. Qxe4 Nxe4 27. Nf1 Kg7 28. Re3 Re8 29. Ng3 Nf6 30. Rxe8 Nxe8 31. Kf2 Kf6 32. Ne4+ Kf5 33. Kf3 Ng7 34. g4+ Kg6 35. d5 h5 36. h3 hxg4+ 37. hxg4 Ne8 38. Kf4 Ng7 39. Ng5 Kf6 40. Nf3 Kg6 41. Nd4 Ne8 42. Ne6 Kf6 43. g5+ Kg6 44. Kg4 Kf7 45. Kh5 Kg8 46. Kg6 a6 47. a4 a5 48. Kh6 Kh8 49. Kg6 Kg8 50. Kf5 Kf7 51. g6+ Ke7 52. g7 Kf7 53. g8Q+ Kxg8 54. Kg6 c6 55. dxc6 d5 56. cxd5 Nd6 57. Kf6 b5 58. Ke7 Nc8+ 59. Kd8 Nb6 60. c7 bxa4 61. c8Q Nxc8 62. Kxc8 1-0

[Event "GER-ch U16"]
[Site "Magdeburg"]
[Date "2014.06.14"]
[Round "9"]
[White "Niegsch, Nicolas"]
[Black "Wilhelm, Till"]
[Result "0-1"]
[WhiteElo "2036"]
[BlackElo "1953"]
[PlyCount "98"]
[EventDate "2014.06.08"]
[EventType "swiss"]
[EventRounds "9"]
[EventCountry "GER"]
[SourceTitle "CBM 160 Extra"]
[Source "ChessBase"]
[SourceDate "2014.07.01"]
[SourceVersion "1"]
[SourceVersionDate "2014.07.01"]
[SourceQuality "1"]

1. e4 e5 2. Nf3 Nc6 3. Bb5 a6 4. Ba4 Nf6 5. d4 exd4 6. 0-0 Be7 7. Re1 b5 8. Bb3 d6 9. Bd5 Bb7 10. Nxd4 Nxd5 11. Nxc6 Bxc6 12. exd5 Bb7 13. Bg5 f6 14. Bd2 0-0 15. Qe2 Rf7 16. c4 c6 17. dxc6 Bxc6 18. Nc3 Qd7 19. Nd5 Bd8 20. Rad1 Bxd5 21. cxd5 Re7 22. Qf3 Rxe1+ 23. Rxe1 Bb6 24. Qe4 Rc8 25. b3 f5 26. Qd3 g6 27. h4 Re8 28. Rf1 Re4 29. h5 Rd4 30. Qe3 f4 31. Qe2 f3 32. gxf3 Rxd5 33. h6 Re5 34. Be3 Qh3 35. f4 Rh5 36. Qxh5 gxh5 37. Bxb6 Qg4+ 38. Kh2 Qxf4+ 39. Kh3 Qxh6 40. Be3 Qe6+ 41. Kh2 Qe5+ 42. Kh3 Qf5+ 43. Kh2 Qc2 44. Rg1+ Kf7 45. Rg5 Qxa2 46. Rxh5 Qxb3 47. Rxh7+ Ke6 48. Kg3 a5 49. Kg4 a4 0-1

[Event "GER-ch U16"]
[Site "Magdeburg"]
[Date "2014.06.08"]
[Round "2"]
[White "Wilhelm, Till"]
[Black "Herdzik, Mathias"]
[Result "1-0"]
[WhiteElo "1953"]
[BlackElo "1816"]
[PlyCount "100"]
[EventDate "2014.06.08"]
[EventType "swiss"]
[EventRounds "9"]
[EventCountry "GER"]
[SourceTitle "CBM 160 Extra"]
[Source "ChessBase"]
[SourceDate "2014.07.01"]
[SourceVersion "1"]
[SourceVersionDate "2014.07.01"]
[SourceQuality "1"]

1. d4 d5 2. c4 c6 3. Nc3 Nf6 4. Nf3 e6 5. e3 Nbd7 6. Bd3 dxc4 7. Bxc4 b5 8. Bd3 a6 9. e4 Bb7 10. e5 Nd5 11. Nxd5 cxd5 12. Bd2 Be7 13. h4 Rc8 14. Ng5 Qb6 15. Qg4 h5 16. Qf4 Rf8 17. Nh7 Rh8 18. Ng5 Rf8 19. Rh3 f6 20. Bg6+ Kd8 21. Nf7+ Rxf7 22. Bxf7 fxe5 23. dxe5 Rc4 24. Qg3 Re4+ 25. Kf1 Rg4 26. Qh2 Qd4 27. Bxh5 Rxh4 28. Bc3 Qd3+ 29. Rxd3 Rxh2 30. Rh3 Rxh3 31. gxh3 Bc5 32. b4 Bb6 33. Rd1 Nf8 34. f4 g6 35. Bg4 Ke7 36. Bd4 Nd7 37. h4 Bxd4 38. Rxd4 Nb6 39. Ke2 Nc4 40. Rd3 Bc6 41. Rg3 Be8 42. Kd3 Nb2+ 43. Kd4 Na4 44. Bd1 Nb2 45. Bc2 Nc4 46. Bxg6 Bxg6 47. Rxg6 Nd2 48. h5 Nf3+ 49. Kc5 Nh4 50. Rf6 Nf5 1-0

[Event "Rheinhessen-ch U16/U18"]
[Site "Heidesheim"]
[Date "2014.01.07"]
[Round "1"]
[White "Jusman, Jesse Samuel"]
[Black "Wilhelm, Till"]
[Result "0-1"]
[WhiteElo "1132"]
[BlackElo "1918"]
[PlyCount "44"]
[EventDate "2014.01.07"]
[EventType "swiss"]
[EventRounds "7"]
[EventCountry "GER"]
[SourceTitle "EXT 2015"]
[Source "ChessBase"]
[SourceDate "2014.11.20"]
[SourceVersion "1"]
[SourceVersionDate "2014.11.20"]
[SourceQuality "1"]

1. e4 e5 2. Nf3 Nc6 3. Bc4 Bc5 4. d3 Nf6 5. Nc3 h6 6. Be3 Bxe3 7. fxe3 d6 8. Qd2 Na5 9. Bb5+ c6 10. Ba4 b5 11. Bb3 0-0 12. d4 Nxb3 13. axb3 b4 14. Na4 exd4 15. Nxd4 Nxe4 16. Nxc6 Qe8 17. Qxb4 Qxc6 18. 0-0-0 Bf5 19. c4 Rab8 20. Qa3 Nf2 21. Rxd6 Qe4 22. Rd2 Qb1# 0-1

[Event "Dresden ZMD op 22nd"]
[Site "Dresden"]
[Date "2013.08.17"]
[Round "8"]
[White "Scherer, Frank"]
[Black "Wilhelm, Till"]
[Result "1-0"]
[WhiteElo "2072"]
[BlackElo "2013"]
[PlyCount "69"]
[EventDate "2013.08.10"]
[EventType "swiss"]
[EventRounds "9"]
[EventCountry "GER"]
[SourceTitle "CBM 155 Extra"]
[Source "ChessBase"]
[SourceDate "2013.08.26"]
[SourceVersion "1"]
[SourceVersionDate "2013.08.26"]
[SourceQuality "1"]

1. e4 e5 2. Nf3 Nc6 3. d4 exd4 4. Nxd4 Nf6 5. Nc3 Bb4 6. Nxc6 bxc6 7. Bd3 d5 8. exd5 cxd5 9. 0-0 0-0 10. Bg5 Be6 11. Qf3 Be7 12. h3 c6 13. Ne2 Qb6 14. b3 h6 15. Bf4 Nd7 16. Ng3 Bf6 17. Rae1 Rfe8 18. Nh5 c5 19. Bxh6 gxh6 20. Nxf6+ Nxf6 21. Qxf6 Bd7 22. Qf4 Kg7 23. Re3 Rxe3 24. fxe3 Rf8 25. Qe5+ f6 26. Qxd5 Be6 27. Qe4 f5 28. Qe5+ Kg8 29. Rf3 Rf7 30. Rg3+ Kh7 31. Rf3 Kg8 32. Bxf5 Bxf5 33. Rxf5 Rxf5 34. Qxf5 Qa5 35. Qg6+ 1-0